Laboratori d'Arxius Municipals
ISBN:
84-7794-536-5
Descripción Física:
89 p. ; 21 cm
Materias:
Arxius municipals -- Congressos
MARC
| LEADER | 00000nam a2200000Ia 4500 | ||
|---|---|---|---|
| 001 | 11824 | ||
| 003 | BGR | ||
| 005 | 20260324175210.0 | ||
| 008 | 160829s1997 xx 000 0 cat d | ||
| 020 | |a 84-7794-536-5 | ||
| 080 | |a A-2-39 | ||
| 111 | |a Laboratori d'Arxius Municipals |c Barcelona |d 1997 |9 70160 | ||
| 245 | |a Laboratori d'Arxius Municipals | ||
| 260 | |a [Barcelona] : |b Diputació de Barcelona. Oficina de Patrimoni Cultural, |c 1997 | ||
| 300 | |a 89 p. ; |c 21 cm | ||
| 650 | |a Arxius municipals |x Congressos |9 19868 | ||
| 710 | 1 | |a Barcelona (Catalunya : Província). |b Oficina de Patrimoni Cultural |9 52675 | |
| 901 | |a Arxiu | ||
| 942 | |n 1 |2 udc |c MON | ||
| 952 | |0 0 |1 0 |4 0 |6 A239 |7 1 |9 41353 |a Arxiu |b Arxiu |d 2016-12-01 |l 0 |o A-2-39 |p 11824 |r 2016-12-01 00:00:00 |w 2016-12-01 |y ARXIU | ||
| 999 | |c 43160 |d 43160 | ||